000 00691nam a22002177a 4500
999 _c21334
_d21334
003 AR-CdUCM
008 190307b ||||| |||| 00| 0 spa d
020 _a9786124732782
040 _aMUNICIPALIDAD PROVINCIAL DEL CUSCO
_cBIBLIOTECA MUNICIPAL DEL CUSCO
082 _a985.019/R34B
_bR34B
110 _aREGESA
_944110
245 _aWillkommen in Machupicchu weltwunder praktischer reiseführer /
260 _aPerú :
_bREGESA,
_c2017.
300 _a39 páginas ;
_bilustraciones en color,
_c19 cm.
500 _aTexto en idioma Alemán.
650 _aGuía turística
_916725
650 _aHistoria Inca
_99202
650 _aCusco Perú
_944111
942 _2ddc
_cLIBROS
945 _aRoel